<?xml version="1.0" encoding="UTF-8"?>
<record
    xmlns:xsi="http://www.w3.org/2001/XMLSchema-instance"
    xsi:schemaLocation="http://www.loc.gov/MARC21/slim http://www.loc.gov/standards/marcxml/schema/MARC21slim.xsd"
    xmlns="http://www.loc.gov/MARC21/slim">

  <leader>03127nam a2200385 i 4500</leader>
  <controlfield tag="003">EG-ScBUE</controlfield>
  <controlfield tag="005">20240228122145.0</controlfield>
  <controlfield tag="008">200219t2024    mouab  f b    000 0 eng d</controlfield>
  <datafield tag="020" ind1=" " ind2=" ">
    <subfield code="a">9780323847124</subfield>
  </datafield>
  <datafield tag="040" ind1=" " ind2=" ">
    <subfield code="a">EG-ScBUE</subfield>
    <subfield code="b">eng</subfield>
    <subfield code="e">rda</subfield>
    <subfield code="c">EG-ScBUE</subfield>
    <subfield code="d">EG-ScBUE</subfield>
  </datafield>
  <datafield tag="082" ind1="0" ind2="4">
    <subfield code="a">615.854</subfield>
    <subfield code="2">22</subfield>
    <subfield code="b">GIL</subfield>
  </datafield>
  <datafield tag="100" ind1="1" ind2=" ">
    <subfield code="a">Gilbert, Joyce,</subfield>
    <subfield code="e">author.</subfield>
  </datafield>
  <datafield tag="245" ind1="1" ind2="0">
    <subfield code="a">Williams' essentials of nutrition and diet therapy /</subfield>
    <subfield code="c">Joyce Gilbert, PhD, RDN, Professor and CEO, Association of Nutrition and Foodservice Professionals, Saint Charles, Illinois., Eleanor D. Schlenker, PhD, RDN, Professor and Extension Specialist, Emerita, Department of Human Nutrition, Foods, and Exercise, College of Agriculture and Life Sciences, Virginia Polytechnic Institute and State University, Blacksburg, Virginia.</subfield>
  </datafield>
  <datafield tag="246" ind1="3" ind2=" ">
    <subfield code="a">Essentials of nutrition and diet therapy</subfield>
  </datafield>
  <datafield tag="250" ind1=" " ind2=" ">
    <subfield code="a">Thirteen edition.</subfield>
  </datafield>
  <datafield tag="264" ind1=" " ind2="1">
    <subfield code="a">St. Louis, Missouri :</subfield>
    <subfield code="b">Elsevier,</subfield>
    <subfield code="c">[2024]</subfield>
  </datafield>
  <datafield tag="264" ind1=" " ind2="4">
    <subfield code="c">c2024</subfield>
  </datafield>
  <datafield tag="300" ind1=" " ind2=" ">
    <subfield code="a">xiii, 496 pages :</subfield>
    <subfield code="b">color illustrations, color maps ;</subfield>
    <subfield code="c">28 cm</subfield>
  </datafield>
  <datafield tag="336" ind1=" " ind2=" ">
    <subfield code="a">text</subfield>
    <subfield code="b">txt</subfield>
    <subfield code="2">rdacontent</subfield>
  </datafield>
  <datafield tag="337" ind1=" " ind2=" ">
    <subfield code="a">unmediated</subfield>
    <subfield code="b">n</subfield>
    <subfield code="2">rdamedia</subfield>
  </datafield>
  <datafield tag="338" ind1=" " ind2=" ">
    <subfield code="a">volume</subfield>
    <subfield code="b">nc</subfield>
    <subfield code="2">rdacarrier</subfield>
  </datafield>
  <datafield tag="500" ind1=" " ind2=" ">
    <subfield code="a">Preceded by Williams' essentials of nutrition and diet therapy / Eleanor D. Schlenker, Joyce Gilbert. 11th ed. c2015.</subfield>
  </datafield>
  <datafield tag="504" ind1=" " ind2=" ">
    <subfield code="a">Includes bibliographical references and index.</subfield>
  </datafield>
  <datafield tag="505" ind1="0" ind2="0">
    <subfield code="t">Nutrition and health /</subfield>
    <subfield code="r">Eleanor Schlenker --</subfield>
    <subfield code="t">Digestion, absorption, and metabolism /</subfield>
    <subfield code="r">Eleanor Schlenker --</subfield>
    <subfield code="t">Carbohydrates /</subfield>
    <subfield code="r">Eleanor Schlenker --</subfield>
    <subfield code="t">Lipids /</subfield>
    <subfield code="r">Eleanor Schlenker --</subfield>
    <subfield code="t">Proteins /</subfield>
    <subfield code="r">Eleanor Schlenker --</subfield>
    <subfield code="t">Vitamins /</subfield>
    <subfield code="r">Eleanor Schlenker --</subfield>
    <subfield code="t">Minerals and waterFood s /</subfield>
    <subfield code="r">Eleanor Schlenker --</subfield>
    <subfield code="t">Energy balance /</subfield>
    <subfield code="r">Eleanor Schlenker --</subfield>
    <subfield code="t">Food selection and food safety /</subfield>
    <subfield code="r">Eleanor Schlenker --</subfield>
    <subfield code="t">Community nutrition: promoting healthy eating /</subfield>
    <subfield code="r">Eleanor Schlenker --</subfield>
    <subfield code="t">Nutrition during pregnancy and lactation /</subfield>
    <subfield code="r">Kary Woodruff --</subfield>
    <subfield code="t">Nutrition for normal growth and development /</subfield>
    <subfield code="r">Kary Woodruff --</subfield>
    <subfield code="t">Nutrition for adults : early, middle, and later years /</subfield>
    <subfield code="r">Eleanor Schlenker --</subfield>
    <subfield code="t">Nutrition and physical fitness /</subfield>
    <subfield code="r">Kary Woodruff --</subfield>
    <subfield code="t">The complexity of obesity : beyond energy balance /</subfield>
    <subfield code="r">Joyce Gilbert --</subfield>
    <subfield code="t">Nutrition assessment and nutrition therapy in patient care /</subfield>
    <subfield code="r">Joyce Gilbert --</subfield>
    <subfield code="t">Metabolic stress /</subfield>
    <subfield code="r">Joyce Gilbert --</subfield>
    <subfield code="t">Drug-nutrient interactions /</subfield>
    <subfield code="r">Joyce Gilbert --</subfield>
    <subfield code="t">Nutrition support : enteral and parenteral nutrition /</subfield>
    <subfield code="r">Pamela Charney --</subfield>
    <subfield code="t">Gastrointestinal diseases /</subfield>
    <subfield code="r">Dr. Dorothy Chen-Maynard --</subfield>
    <subfield code="t">Diseases of the heart, blood vessels, and lungs /</subfield>
    <subfield code="r">Joyce Gilbert --</subfield>
    <subfield code="t">Diabetes mellitus /</subfield>
    <subfield code="r">Joyce Gilbert --</subfield>
    <subfield code="t">Renal disease /</subfield>
    <subfield code="r">Joyce Gilbert --</subfield>
    <subfield code="t">Acquired immunodeficiency syndrome (AIDS) /</subfield>
    <subfield code="r">Dr. Adriana Campa --</subfield>
    <subfield code="t">Cancer /</subfield>
    <subfield code="r">Joyce Gilbert.</subfield>
  </datafield>
  <datafield tag="650" ind1=" " ind2="7">
    <subfield code="a">Nutrition.</subfield>
    <subfield code="2">BUEsh</subfield>
  </datafield>
  <datafield tag="650" ind1=" " ind2="7">
    <subfield code="a">Diet therapy.</subfield>
    <subfield code="2">BUEsh</subfield>
  </datafield>
  <datafield tag="653" ind1=" " ind2=" ">
    <subfield code="c">February2024</subfield>
    <subfield code="b">PPhrm</subfield>
  </datafield>
  <datafield tag="655" ind1=" " ind2=" ">
    <subfield code="v">Reading book</subfield>
  </datafield>
  <datafield tag="700" ind1="1" ind2=" ">
    <subfield code="a">Schlenker, Eleanor D.,</subfield>
    <subfield code="e">author.</subfield>
  </datafield>
  <datafield tag="906" ind1=" " ind2=" ">
    <subfield code="a">7</subfield>
    <subfield code="b">cbc</subfield>
    <subfield code="c">pccadap</subfield>
    <subfield code="d">2</subfield>
    <subfield code="e">epcn</subfield>
    <subfield code="f">20</subfield>
    <subfield code="g">y-gencatlg</subfield>
  </datafield>
  <datafield tag="942" ind1=" " ind2=" ">
    <subfield code="2">ddc</subfield>
    <subfield code="c">BB</subfield>
  </datafield>
  <datafield tag="999" ind1=" " ind2=" ">
    <subfield code="c">30666</subfield>
    <subfield code="d">30637</subfield>
  </datafield>
  <datafield tag="952" ind1=" " ind2=" ">
    <subfield code="0">0</subfield>
    <subfield code="1">0</subfield>
    <subfield code="2">ddc</subfield>
    <subfield code="4">0</subfield>
    <subfield code="7">0</subfield>
    <subfield code="8">Alahram</subfield>
    <subfield code="a">MAIN</subfield>
    <subfield code="b">MAIN</subfield>
    <subfield code="c">1ST</subfield>
    <subfield code="d">2024-02-28</subfield>
    <subfield code="e">Purchase</subfield>
    <subfield code="g">4999.00</subfield>
    <subfield code="h">180</subfield>
    <subfield code="l">3</subfield>
    <subfield code="m">3</subfield>
    <subfield code="o">615.854 GIL</subfield>
    <subfield code="p">000057013</subfield>
    <subfield code="q">2025-05-14</subfield>
    <subfield code="r">2025-03-16 00:00:00</subfield>
    <subfield code="s">2025-03-16</subfield>
    <subfield code="v">6248.75</subfield>
    <subfield code="w">2024-02-28</subfield>
    <subfield code="y">BB</subfield>
  </datafield>
</record>
